Miṣr fī ʻaṣr al-Ṭūlūnīyīn wa-al-Akhshīdīyīn /

محفوظ في:

المؤلف الرئيسي: Kāshif, Sayyidah Ismāʿīl (مؤلف)

مؤلفون آخرون: Maḥmūd, Ḥasan Aḥmad.

التنسيق: كتاب

اللغة: Arabic

منشور في: [al-Qāhirah] : Maktabat al-Anjalū al-Miṣrīyah, [1960].

سلاسل: al-Alf kitāb ; 285.

الموضوعات:

الوسوم: إضافة وسم

لا توجد وسوم, كن أول من يضع وسما على هذه التسجيلة!

رقم الطلب: DT95 .K3x 1960

LEADER 01304nam a2200289Ia 4500
003 OSt
005 20230604122923.0
008 130303s1960 ua b g b 000 0 ara d
952 |0 0  |1 0  |2 lcc  |4 0  |6 DT0095 K3 X1960  |7 1  |9 48950  |a ARCE  |b ARCE  |d 2023-06-04  |l 0  |o DT95 .K3x 1960  |p 1029684  |r 2023-06-04 00:00:00  |w 2023-06-04  |y BK 
999 |c 27743  |d 27743 
040 |c ARCE Library 
043 |a f-ua--- 
050 4 |a DT95 .K3x 1960 
100 1 |6 880-01  |a Kāshif, Sayyidah Ismāʿīl,  |e author 
245 1 0 |6 880-02  |a Miṣr fī ʻaṣr al-Ṭūlūnīyīn wa-al-Akhshīdīyīn /   |c taʾlīf Sayyidah Ismāʻīl Kāshif ; Ḥasan Aḥmad Maḥmūd. 
264 1 |a [al-Qāhirah] :   |b Maktabat al-Anjalū al-Miṣrīyah,   |c [1960]. 
300 |a 306 pages :   |b maps ;   |c 24 cm. 
490 1 |a al-Alf kitāb ;   |v 285. 
504 |a Bibliography : pages [283]-293. 
650 0 |a Tulunids.  |9 13663 
651 0 |a Egypt  |x History  |y 640-1800. 
700 1 |a Maḥmūd, Ḥasan Aḥmad. 
830 0 |a al-Alf kitāb ;  |v 285. 
880 1 |6 100-01/(3/r  |a كاشف، سيدة إسماعيل 
880 1 0 |6 245-02/(3/r  |a مصر فى عصر الطولونييون و الإخشيديين   |c تأليف سيدة إسماعيل كاشف ؛ حسن أحمد محمود.‪‪‪‪‪‪‪‪‪‪‪‪‪‪‪‪‪ 
901 |a reviewed 
942 |c BK  |2 lcc